00685nam a2200241 a 45000010010000000030011000100080041000210200015000620350026000770920013001031000021001162450030001372600049001673000025002165000012002416500013002538560031002669420012002979520091003099900006004009980020004069990017004260001-1033ELIB.Books141113 2010 eng  a0966317238 a(ELIB.Books)0001-1187 a224bWil aWilkerson, David aThe New Covenant Unveiled aNew YorkbWilkerson Trust Publicationsc2000 a90-390-0143-xc21 Cm aLibrary aCovenant nKBTS; LibraryuKBTS; Elib. 2ddccBK 00102ddc4070aKBTSbKBTSd2014-11-13l0p14713r2022-01-22 00:00:00w2022-01-22yBK a1 cbate2014-11-13 c11033d11033